[Event "Swiss Queens Wed #28"]
[Site "FIDE Online Arena INT"]
[Date "2024.08.07"]
[Round "4"]
[White "Nikitina, Elena"]
[Black "Latreche, Khadidja"]
[Result "1-0"]
[WhiteElo "1998"]
[BlackElo "1943"]
[PlyCount "39"]
[EventDate "2024.08.07"]
[EventType "swiss (blitz)"]
[EventRounds "11"]
[EventCountry "NET"]
[SourceTitle "CB33_2024"]
[SourceDate "2024.08.14"]
[SourceVersion "1"]
[SourceVersionDate "2024.08.14"]
[SourceQuality "1"]

1. d4 Nf6 2. Nf3 d6 3. e3 Nbd7 4. Be2 e5 5. 0-0 Be7 6. c4 0-0 7. Nc3 c6 8. e4 Qc7 9. Bg5 a5 10. b3 exd4 11. Nxd4 Nc5 12. f3 Nd5 13. Nxd5 cxd5 14. Bxe7 Qxe7 15. cxd5 f5 16. exf5 Bxf5 17. Nxf5 Rxf5 18. Bc4 Qh4 19. Qe1 Raf8 20. Qxh4 1-0

[Event "Swiss Queens Wed #28"]
[Site "FIDE Online Arena INT"]
[Date "2024.08.07"]
[Round "7"]
[White "Nikitina, Elena"]
[Black "Zaksaite, Salomeja"]
[Result "0-1"]
[WhiteElo "1998"]
[BlackElo "2194"]
[PlyCount "28"]
[EventDate "2024.08.07"]
[EventType "swiss (blitz)"]
[EventRounds "11"]
[EventCountry "NET"]
[SourceTitle "CB33_2024"]
[SourceDate "2024.08.14"]
[SourceVersion "1"]
[SourceVersionDate "2024.08.14"]
[SourceQuality "1"]

1. d4 Nf6 2. Nf3 g6 3. g3 Bg7 4. Bg2 d5 5. 0-0 0-0 6. b3 c5 7. e3 Nc6 8. Bb2 Ne4 9. Nbd2 Bf5 10. Qe2 Rc8 11. Rfd1 cxd4 12. exd4 Nb4 13. c3 Nxc3 14. a3 Nxe2+ 0-1

[Event "Swiss Queens Wed #28"]
[Site "FIDE Online Arena INT"]
[Date "2024.08.07"]
[Round "6"]
[White "Nikitina, Elena"]
[Black "Zhuravleva, Olga"]
[Result "1/2-1/2"]
[WhiteElo "1998"]
[BlackElo "2278"]
[PlyCount "187"]
[EventDate "2024.08.07"]
[EventType "swiss (blitz)"]
[EventRounds "11"]
[EventCountry "NET"]
[SourceTitle "CB33_2024"]
[SourceDate "2024.08.14"]
[SourceVersion "1"]
[SourceVersionDate "2024.08.14"]
[SourceQuality "1"]

1. d4 Nf6 2. Nf3 e6 3. g3 b6 4. Bg2 Bb7 5. 0-0 Be7 6. b3 0-0 7. Bb2 d6 8. Nbd2 Nbd7 9. c4 c5 10. e3 Rc8 11. Qe2 Qc7 12. Rad1 Rfe8 13. e4 cxd4 14. Nxd4 a6 15. Rfe1 Nc5 16. f3 Qb8 17. Nf1 h6 18. Ne3 Bf8 19. Qf1 d5 20. e5 Nfd7 21. cxd5 Nxe5 22. dxe6 Nxe6 23. Nef5 Bc5 24. Kh1 Nxd4 25. Nxd4 Qa8 26. f4 Bxg2+ 27. Qxg2 Qxg2+ 28. Kxg2 Ng4 29. Rc1 Rcd8 30. Rxe8+ Rxe8 31. h3 Ne3+ 32. Kf3 Nd5 33. Nf5 f6 34. Rd1 Ne7 35. Nxe7+ Rxe7 36. Bc1 Kf7 37. g4 g6 38. f5 g5 39. a3 Rc7 40. Bb2 Be7 41. Rc1 Rd7 42. Ke2 Bc5 43. b4 Re7+ 44. Kf1 Bd6 45. Re1 Rxe1+ 46. Kxe1 Ke7 47. Ke2 Bc7 48. Kd3 Bd8 49. Ke4 Kd6 50. a4 a5 51. Bc3 axb4 52. Bxb4+ Kc6 53. Bf8 b5 54. axb5+ Kxb5 55. Bxh6 Kc6 56. Bf8 Kd7 57. Bb4 Kc6 58. Be1 Be7 59. h4 gxh4 60. Bxh4 Kd6 61. Bg3+ Kc6 62. Kd3 Kd5 63. Bf4 Bd8 64. Ke3 Bb6+ 65. Kf3 Kd4 66. Bd6 Kd5 67. Be7 Bd4 68. Kf4 Be5+ 69. Kf3 Kd4 70. Bd8 Kd5 71. Ba5 Bd4 72. Bd2 Be5 73. Bf4 Bd4 74. g5 fxg5 75. Bxg5 Be5 76. Kg4 Kd6 77. Kh5 Kd7 78. Kg6 Ke8 79. Bf6 Bf4 80. Bd4 Bd6 81. f6 Bf8 82. f7+ Kd7 83. Bf6 Ke6 84. Bd8 Kd7 85. Ba5 Ke6 86. Bc3 Kd7 87. Kh7 Ke6 88. Kg8 Be7 89. Bd2 Bd6 90. Bf4 Be7 91. Bg5 Bd6 92. Bf4 Be7 93. Bg5 Bd6 94. Bf4 1/2-1/2

[Event "Swiss Queens Wed #26"]
[Site "FIDE Online Arena INT"]
[Date "2024.07.25"]
[Round "6"]
[White "Hrebenshchykova, Yelyzaveta"]
[Black "Nikitina, Elena"]
[Result "0-1"]
[WhiteElo "2301"]
[BlackElo "1998"]
[PlyCount "120"]
[EventDate "2024.07.25"]
[EventType "swiss (blitz)"]
[EventRounds "11"]
[EventCountry "NET"]
[SourceTitle "CB31_2024"]
[SourceDate "2024.07.31"]
[SourceVersion "1"]
[SourceVersionDate "2024.07.31"]
[SourceQuality "1"]

1. e4 c5 2. Nf3 d6 3. d4 cxd4 4. Nxd4 Nf6 5. Nc3 a6 6. Be2 e6 7. 0-0 Be7 8. f4 Qc7 9. Kh1 0-0 10. a4 b6 11. Bf3 Bb7 12. Qe2 Nbd7 13. g4 Rfd8 14. g5 Ne8 15. Bd2 Nf8 16. f5 e5 17. Nb3 f6 18. h4 Rac8 19. Qg2 Kh8 20. Bh5 Qc4 21. Be2 Qc7 22. g6 Qd7 23. Rg1 d5 24. exd5 Bxd5 25. Nxd5 Qxd5 26. Bf3 Qc4 27. Be4 Bb4 28. Bxb4 Qxb4 29. gxh7 Nxh7 30. Rae1 Rc7 31. Re3 Nd6 32. Nd2 Nxe4 33. Nxe4 Qxb2 34. Rg3 Rdd7 35. Nf2 Qxc2 36. Qa8+ Rc8 37. Qxa6 Rcd8 38. R1g2 Qxf5 39. Kh2 Qh5 40. Rh3 Qf5 41. Qxb6 Qf4+ 42. Rhg3 Re8 43. h5 Ng5 44. Nh3 Nxh3 45. Kxh3 Qf5+ 46. Kh2 Qe6 47. Qxe6 Rxe6 48. a5 Ra6 49. Ra3 Rda7 50. Rga2 Kh7 51. Kg3 Kh6 52. Kg4 Rc6 53. Ra4 Rc5 54. R2a3 f5+ 55. Kxf5 Kxh5 56. a6 g6+ 57. Ke4 g5 58. Ra5 Rc6 59. Kxe5 Rg6 60. Rb5 Kg4 0-1

[Event "Swiss Queens Wed #26"]
[Site "FIDE Online Arena INT"]
[Date "2024.07.25"]
[Round "9"]
[White "Nikitina, Elena"]
[Black "Mariano, Christine Rose"]
[Result "1-0"]
[WhiteElo "1998"]
[BlackElo "1962"]
[PlyCount "81"]
[EventDate "2024.07.25"]
[EventType "swiss (blitz)"]
[EventRounds "11"]
[EventCountry "NET"]
[SourceTitle "CB31_2024"]
[SourceDate "2024.07.31"]
[SourceVersion "1"]
[SourceVersionDate "2024.07.31"]
[SourceQuality "1"]

1. e4 d5 2. exd5 Nf6 3. d4 Nxd5 4. Nf3 Bg4 5. Be2 e6 6. 0-0 Nc6 7. Nc3 Nxc3 8. bxc3 Bd6 9. Bg5 f6 10. Be3 0-0 11. Qd2 h6 12. h3 Bh5 13. Rab1 Rb8 14. Nh4 Be8 15. f4 f5 16. Nf3 Ne7 17. Ne5 Nd5 18. c4 Nxe3 19. Qxe3 c5 20. dxc5 Be7 21. Bf3 Qa5 22. Kh2 Bxc5 23. Qe2 b6 24. Bh5 Bd6 25. Bxe8 Rbxe8 26. Rfd1 Qc5 27. Rb5 Qc7 28. g3 a6 29. Rb3 g5 30. Rbd3 Bxe5 31. fxe5 Qxc4 32. Qh5 Rf7 33. Qg6+ Kf8 34. Qxh6+ Rg7 35. Qh8+ Kf7 36. Rd7+ Re7 37. Rxe7+ Kxe7 38. Qxg7+ Ke8 39. Qg6+ Ke7 40. Qf6+ Ke8 41. Rd8# 1-0

[Event "Swiss Queens Wed #18"]
[Site "FIDE Online Arena INT"]
[Date "2024.05.29"]
[Round "2"]
[White "Bashirli, Saadat"]
[Black "Nikitina, Elena"]
[Result "1-0"]
[WhiteElo "1803"]
[BlackElo "1998"]
[PlyCount "109"]
[EventDate "2024.05.29"]
[EventType "swiss (blitz)"]
[EventRounds "11"]
[EventCountry "NET"]
[SourceTitle "CB23_2024"]
[SourceDate "2024.06.05"]
[SourceVersion "1"]
[SourceVersionDate "2024.06.05"]
[SourceQuality "1"]

1. d4 d5 2. c4 e6 3. Nc3 Nf6 4. cxd5 exd5 5. Bg5 Be7 6. e3 0-0 7. Qc2 Nbd7 8. Bd3 h6 9. Bh4 c6 10. Nge2 Nh5 11. Bxe7 Qxe7 12. 0-0 Nb6 13. Ng3 Nxg3 14. hxg3 Bg4 15. Rae1 Rfe8 16. f3 Bd7 17. e4 dxe4 18. Nxe4 Qf8 19. Qd2 Rad8 20. Qf4 Nd5 21. Qd2 f5 22. Nc5 Bc8 23. Bc4 Qf6 24. Qd3 b6 25. Ne4 fxe4 26. fxe4 Qg5 27. exd5 cxd5 28. Bb3 Kh8 29. Qf3 Be6 30. Re5 Qd2 31. Qf2 Qxf2+ 32. Rxf2 Bg8 33. Rfe2 Rxe5 34. Rxe5 Kh7 35. Re7 a5 36. Rb7 Rd6 37. Kf2 h5 38. Ke3 Kh6 39. Rb8 Bh7 40. Kf4 Be4 41. Ke5 Rg6 42. Rh8+ Kg5 43. Bxd5 Bxd5 44. Kxd5 Kg4 45. Ke4 Kxg3 46. Rxh5 Kxg2 47. d5 Kf2 48. Ke5 Ke3 49. d6 Rg1 50. Rh3+ Ke2 51. d7 Rd1 52. Ke6 g5 53. Ke7 g4 54. Rg3 Rd4 55. d8Q 1-0

[Event "Swiss Queens Wed #15"]
[Site "FIDE Online Arena INT"]
[Date "2024.05.08"]
[Round "5"]
[White "Balandran Duarte, Tania"]
[Black "Nikitina, Elena"]
[Result "0-1"]
[WhiteElo "1815"]
[BlackElo "2000"]
[PlyCount "74"]
[EventDate "2024.05.08"]
[EventType "swiss (blitz)"]
[EventRounds "11"]
[EventCountry "NET"]
[SourceTitle "CB20_2024"]
[SourceDate "2024.05.16"]
[SourceVersion "1"]
[SourceVersionDate "2024.05.16"]
[SourceQuality "1"]

1. e4 d5 2. exd5 Qxd5 3. Nc3 Qa5 4. d4 Nf6 5. Bd2 c6 6. Nf3 Bg4 7. h3 Bh5 8. Ne4 Qc7 9. Ng3 Bg6 10. Nh4 Nbd7 11. Nxg6 hxg6 12. Qf3 0-0-0 13. 0-0-0 e5 14. Bc4 Nb6 15. Bb3 exd4 16. Ba5 Bc5 17. Rhe1 Rhe8 18. a3 Qd7 19. Ne2 g5 20. Kb1 Re7 21. Nc1 Rde8 22. Rxe7 Rxe7 23. Nd3 Bd6 24. g3 Nfd5 25. Bd2 f6 26. h4 g4 27. Qg2 Re2 28. Qf1 Qe7 29. Nf4 Nxf4 30. Bxf4 Bxf4 31. gxf4 Qe4 32. Ka2 c5 33. Bf7 Qxc2 34. Rb1 Na4 35. Bb3 Nc3+ 36. Ka1 Qxb3 37. Qxe2 Qa2# 0-1

[Event "Swiss Queens Wed #15"]
[Site "FIDE Online Arena INT"]
[Date "2024.05.08"]
[Round "10"]
[White "Lesbekova, Asel"]
[Black "Nikitina, Elena"]
[Result "1-0"]
[WhiteElo "1878"]
[BlackElo "2000"]
[PlyCount "111"]
[EventDate "2024.05.08"]
[EventType "swiss (blitz)"]
[EventRounds "11"]
[EventCountry "NET"]
[SourceTitle "CB20_2024"]
[SourceDate "2024.05.16"]
[SourceVersion "1"]
[SourceVersionDate "2024.05.16"]
[SourceQuality "1"]

1. e4 d5 2. exd5 Qxd5 3. Nf3 Bg4 4. Be2 Nc6 5. Nc3 Qa5 6. h3 Bh5 7. g4 Bg6 8. d3 Ne5 9. Be3 e6 10. Qd2 Bb4 11. Nxe5 Qxe5 12. f4 Qa5 13. a3 h5 14. g5 Bxc3 15. Qxc3 Qxc3+ 16. bxc3 Ne7 17. Bd4 Nf5 18. Bf2 0-0 19. Bf3 c6 20. 0-0-0 Rfd8 21. h4 Ne7 22. c4 a6 23. Bb6 Rd7 24. Kb2 Re8 25. Kc3 Nf5 26. Rde1 f6 27. Be4 Kf7 28. Reg1 Ne7 29. gxf6 gxf6 30. Bf3 Rh8 31. Rg2 Nf5 32. Be4 Rh6 33. Bc5 Rd8 34. Rb1 Rd7 35. Rh2 Ng3 36. Bf3 Nf5 37. Rb6 Ne7 38. Rh1 Nc8 39. Rb2 Rh7 40. Rg1 Nd6 41. Rgb1 b5 42. Bxc6 Rd8 43. cxb5 Nxb5+ 44. Bxb5 axb5 45. Rxb5 Kg8 46. Rb8 Rhd7 47. a4 Kf7 48. a5 Rd5 49. Rxd8 Rxd8 50. a6 Rc8 51. d4 e5 52. a7 exd4+ 53. Kxd4 Rd8+ 54. Kc4 Bxc2 55. Rb8 Bd3+ 56. Kc3 1-0

[Event "Swiss Queens Wed #15"]
[Site "FIDE Online Arena INT"]
[Date "2024.05.08"]
[Round "7"]
[White "Nikitina, Elena"]
[Black "Wafa, Shahenda"]
[Result "0-1"]
[WhiteElo "2000"]
[BlackElo "2081"]
[PlyCount "106"]
[EventDate "2024.05.08"]
[EventType "swiss (blitz)"]
[EventRounds "11"]
[EventCountry "NET"]
[SourceTitle "CB20_2024"]
[SourceDate "2024.05.16"]
[SourceVersion "1"]
[SourceVersionDate "2024.05.16"]
[SourceQuality "1"]

1. d4 Nf6 2. Nf3 g6 3. e3 Bg7 4. Be2 0-0 5. 0-0 d6 6. b3 b6 7. Bb2 Bb7 8. c4 Ne4 9. Nbd2 Nd7 10. Qc2 Nxd2 11. Nxd2 e5 12. Bf3 Bxf3 13. Nxf3 Qe7 14. dxe5 dxe5 15. Rad1 Nc5 16. b4 Nd7 17. Qb3 a5 18. a3 axb4 19. axb4 c5 20. Rd5 e4 21. Bxg7 Kxg7 22. Nd2 Nf6 23. Qb2 Kg8 24. Re5 Qd6 25. bxc5 bxc5 26. Nxe4 Nxe4 27. Rxe4 Rab8 28. Qe5 Qd3 29. Qd5 Qc2 30. Re7 Rb1 31. g3 Rb4 32. Qxc5 Rxc4 33. Qd5 Rc5 34. Qe4 Qc3 35. Kg2 Qf6 36. Rb7 Re5 37. Qf3 Rf5 38. Qe4 Rd8 39. Rfb1 Rxf2+ 40. Kg1 Ra2 41. Rf1 Ra1 42. Rbb1 Rxb1 43. Rxb1 Qa6 44. Rf1 Qa2 45. Qf3 Rd2 46. h4 Rd3 47. h5 Qe6 48. hxg6 hxg6 49. Re1 Rd2 50. Re2 Rd1+ 51. Kf2 Ra1 52. Rc2 Qa6 53. Rd2 Qf1# 0-1

[Event "Swiss Queens Wed #5"]
[Site "FIDE Online Arena INT"]
[Date "2024.02.28"]
[Round "1"]
[White "Zaksaite, Salomeja"]
[Black "Nikitina, Elena"]
[Result "1-0"]
[WhiteElo "2212"]
[BlackElo "1996"]
[PlyCount "79"]
[EventDate "2024.02.28"]
[EventType "swiss (blitz)"]
[EventRounds "11"]
[EventCountry "NET"]
[SourceTitle "CB10_2024"]
[SourceDate "2024.03.06"]
[SourceVersion "1"]
[SourceVersionDate "2024.03.06"]
[SourceQuality "1"]

1. d4 d5 2. Nc3 Nf6 3. Bf4 g6 4. h4 Bg7 5. e3 h6 6. Nf3 b6 7. Ne5 Bb7 8. Nb5 Na6 9. c4 e6 10. Qb3 0-0 11. 0-0-0 Qe7 12. Kb1 c5 13. Qa3 Rfd8 14. Nc3 Nb4 15. Rg1 a5 16. g4 dxc4 17. Bxc4 Ne4 18. f3 Nxc3+ 19. bxc3 Nd5 20. Bxd5 exd5 21. Qb2 cxd4 22. cxd4 Qe6 23. Rge1 Ba6 24. h5 g5 25. Bg3 b5 26. Nd3 Rac8 27. Be5 Bf8 28. f4 f6 29. f5 Qb6 30. Bg3 b4 31. Bf2 Bxd3+ 32. Rxd3 a4 33. e4 dxe4 34. d5 Qb5 35. Rdd1 Rxd5 36. Qxf6 Rdc5 37. Qe6+ Kh8 38. Bd4+ Bg7 39. Qxh6+ Kg8 40. Qxg7# 1-0

[Event "RUS-chT rapid (Women)"]
[Site "Sochi"]
[Date "2019.10.18"]
[Round "1.1"]
[White "Nikitina, Elena"]
[Black "Gunina, Valentina"]
[Result "0-1"]
[WhiteElo "2049"]
[BlackElo "2509"]
[PlyCount "108"]
[EventDate "2019.10.18"]
[EventType "team-tourn (rapid)"]
[EventRounds "9"]
[EventCountry "RUS"]
[SourceTitle "CBM 192 Extra"]
[Source "Chessbase"]
[SourceDate "2019.11.06"]
[SourceVersion "1"]
[SourceVersionDate "2019.11.06"]
[SourceQuality "1"]
[WhiteTeam "Tolpar (Bashkortostan) (W)"]
[BlackTeam "Karpov Chess School (W)"]
[WhiteTeamCountry "RUS"]
[BlackTeamCountry "RUS"]

1. d4 Nf6 2. Nf3 e6 3. e3 c5 4. c4 d5 5. Nc3 Nc6 6. Be2 a6 7. b3 cxd4 8. Nxd4 Bb4 9. Bb2 Qa5 10. Qc2 Nxd4 11. exd4 dxc4 12. Bxc4 b5 13. Bd3 Bb7 14. a3 Bd6 15. b4 Qc7 16. f3 Bxh2 17. Ne4 Nxe4 18. Bxe4 Bg3+ 19. Ke2 Qxc2+ 20. Bxc2 Bd5 21. Rh3 Bd6 22. Bxh7 g6 23. Bc1 Rc8 24. Bd2 Kd7 25. Rc1 Rxc1 26. Bxc1 Rc8 27. Bd2 Be7 28. g4 Bf6 29. Kd3 Ke7 30. f4 Bg2 31. Rh2 Bf1+ 32. Ke3 Rc4 33. Kf2 Bd3 34. Rh3 Bxd4+ 35. Ke1 Be4 36. f5 gxf5 37. gxf5 exf5 38. Rh6 Bf6 39. Rh5 Bb2 40. Bxf5 Bxf5 41. Rxf5 Bxa3 42. Bg5+ Kf8 43. Rf6 Bxb4+ 44. Ke2 a5 45. Rb6 Rc5 46. Bf6 Kg8 47. Kd3 Kh7 48. Rb7 Kg6 49. Bd4 Rd5 50. Rb6+ Kf5 51. Rf6+ Kg5 52. Rc6 f5 53. Ke3 Bd6 54. Rc8 Bf4+ 0-1

[Event "RUS-chT (Women)"]
[Site "Sochi"]
[Date "2019.05.10"]
[Round "9.2"]
[White "Nikitina, Elena"]
[Black "Mukhina, Jana"]
[Result "1-0"]
[WhiteElo "2037"]
[BlackElo "2098"]
[PlyCount "83"]
[EventDate "2019.05.01"]
[EventType "team-swiss"]
[EventRounds "9"]
[EventCountry "RUS"]
[SourceTitle "CBM 190 Extra"]
[Source "ChessBase"]
[SourceDate "2019.07.15"]
[SourceVersion "1"]
[SourceVersionDate "2019.07.15"]
[SourceQuality "1"]
[WhiteTeam "Bashkortostan Tolpar (W)"]
[BlackTeam "Cheliabinsk Yuzhnyy Ural (W)"]
[WhiteTeamCountry "RUS"]
[BlackTeamCountry "RUS"]

1. d4 Nf6 2. Nf3 c5 3. e3 g6 4. Be2 Bg7 5. 0-0 b6 6. c4 0-0 7. Nc3 d6 8. Qc2 a6 9. Rd1 Bb7 10. e4 cxd4 11. Nxd4 Qc7 12. Be3 Nbd7 13. Rac1 Rac8 14. f3 Ne5 15. b3 Qb8 16. Qd2 Rfe8 17. Nd5 Ned7 18. Nc2 Ba8 19. Ncb4 Nc5 20. Nxf6+ Bxf6 21. Nd5 Bg7 22. Qb4 Rc6 23. Qd2 Rcc8 24. Bg5 Bxd5 25. exd5 a5 26. Re1 e5 27. dxe6 Rxe6 28. Bd3 Rce8 29. Bc2 Qc7 30. Bh4 Qb7 31. Bg3 Be5 32. f4 Bb2 33. Rcd1 Ba3 34. Rxe6 Rxe6 35. f5 Bb4 36. Qf2 Ne4 37. Bxe4 Rxe4 38. Bxd6 Bxd6 39. Rxd6 Qe7 40. Rd1 Re2 41. f6 Qe8 42. Qxe2 1-0